000 00320nam a2200133Ia 4500
008 210210b1990 xxu||||| |||| 00| 0 eng d
082 _a306.0954 DUBI
100 _aDUBE (S C).
245 _aIndian society.
260 _aND
_bNational Book Trust
_c1990
300 _avi,131
690 _aIndian Society
906 _a048951
999 _c97879
_d97879